Disciplining the child via the discourse of the professions

Saved in:
Bibliographic Details
Other Authors: Transit, Roxanna P. (Editor)
Format: Book
Language:English
Published: Springfield : Charles C Thomas Publisher, 2004
Series:American series in behavioral science and law ; ; 1103
Subjects:
Tags: Add Tag
No Tags, Be the first to tag this record!

MARC

LEADER 00000nam a2200000 i 4500
001 1/60897
008 040914s2004 eng d
020 |a 0-398-07453-4 
035 |l 10074376 
040 |a GR-MY-UA  |b gre  |e aacr 
041 0 |a eng 
082 0 |a 649.64 
245 1 0 |a Disciplining the child via the discourse of the professions /  |c edited by Roxanna P. Transit 
260 |a Springfield :   |b Charles C Thomas Publisher,   |c 2004 
300 |a 201 p. 
490 1 |a American series in behavioral science and law  |v ; 1103 
504 |a Includes bibliographical references and index 
650 0 0 |a Discipline of children. 
650 0 0 |a Child development. 
650 0 0 |a Child psychology. 
650 0 0 |a Problem children. 
650 0 0 |a Children's rights. 
700 1 |a Transit, Roxanna P.  |4 edt 
830 0 |a American series in behavioral science and law ;  |v ; 1103 
852 |a INST  |b RHODES  |e 20040914  |h 649.64 DIS  |p 005400018594  |q 005400018594  |t BK  |y 0 
901 |a BIBL4-2004-3 
909 |a Ρ  |b 113144 
922 |a 4ΕΛΗ  |b 200408  |c ΕΠΕΑΕΚ2/ΤΕΠΑΕΣ  |d ΜΙΧΑΛΟΠΟΥΛΟΣ 
950 |a 096-2004-06-17 
970 |z 2004/09/17